Fernando Villaamil y su frustración política / (Record no. 62662)

MARC details
000 -LEADER
campo de control de longitud fija 00705nam a2200193 i 4500
001 - NÚMERO DE CONTROL
campo de control 62662
003 - IDENTIFICADOR DE NÚMERO DE CONTROL
campo de control ES-MaACL
005 - FECHA Y HORA DE LA ÚLTIMA TRANSACCIÓN
campo de control 20250905141223.0
007 - CAMPO FIJO DE DESCRIPCIÓN FÍSICA--INFORMACIÓN GENERAL
campo de control de longitud fija t|
008 - DATOS DE LONGITUD FIJA--INFORMACIÓN GENERAL
campo de control de longitud fija 031124s1982 sp ||||1| spa d
100 1# - ENTRADA PRINCIPAL--NOMBRE DE PERSONA
Nombre de persona Fernández-Arias Campoamor, José.
9 (RLIN) 49478
245 10 - MENCIÓN DEL TÍTULO
Título Fernando Villaamil y su frustración política /
Mención de responsabilidad, etc. por José Fernández-Arias Campoamor.
260 ## - PUBLICACIÓN, DISTRIBUCIÓN, ETC.
Lugar de publicación, distribución, etc. Granda-Siero (Oviedo) :
Nombre del editor, distribuidor, etc. [s.n.,
Fecha de publicación, distribución, etc. 1982] (
Fabricante "La Cruz")
300 ## - DESCRIPCIÓN FÍSICA
Extensión 12 h. ;
Dimensiones 24 cm.
595 ## -
-- Separata de: Boletín del Instituto de Estudios Asturianos, año 36, n. 105-106, en-ag. 1982, p. 231-251.
600 17 - PUNTO DE ACCESO ADICIONAL DE MATERIA--NOMBRE DE PERSONA
Nombre de persona Villaamil, Fernando,
Fechas asociadas al nombre 1845-1898
Fuente del encabezamiento o término
9 (RLIN) 133732
852 ## - LOCALIZACIÓN
Ubicación ES-MaACL
Número de control de estantería 2130-F-4
Holdings
Estatus retirado Estado de pérdida Estado de daño No para préstamo Colección Biblioteca de origen Biblioteca actual Ubicación en estantería Fecha de adquisición Fuente de adquisición Total de préstamos Signatura topográfica completa Código de barras Visto por última vez Precio de reemplazo Tipo de ítem Koha
        Colección de folletos Biblioteca del Ateneo de Madrid Biblioteca del Ateneo de Madrid Depósito folletos 17/01/2008     2130-F-4 1065692 23/02/2023 23/02/2023 Folleto